00604nam a2200205 a 4500001001300000003000900013005001700022008004100039020002300080082001700103100002000120245007800140260003600218300000900254500003500263505002400298650003100322650002500353700002000378nice12345678IN_TiNIC20260116013256.0050524s1989 dela grp 000 0 eng  a817169X c25000a297.197bHAS aHashmi, Masroor aMuslim Response to Western Educationb Study of Four Pioneer Institutions aDelhi bCommenwealth Pub c1989 a208p aincludes index and biblioraphy2 aBibliography, Index aIslam-Religious Institutes aMuslims-20th Century1 aHashmi, Masroor